| 000 | 00669nam a2200241Ia 4500 | ||
|---|---|---|---|
| 003 | OSt | ||
| 005 | 20220924132007.0 | ||
| 006 | a|||||r|||| 00| 0 | ||
| 007 | ta | ||
| 008 | 220923b |||||||| |||| 00| 0 tel d | ||
| 024 | _a341316 | ||
| 037 | _cTextual | ||
| 040 |
_aARTS _cARTS _btel |
||
| 041 |
_2tel _atel |
||
| 082 | _aO35,3N27.1, K6 | ||
| 100 |
_aPolisetti Nageswara Rao Au. _9203489 |
||
| 245 | 0 | _aHaathimthayi | |
| 260 |
_aVijayawada-2 _bNavya Racha Mandali India _c1956 |
||
| 300 |
_a92p. _ccm. |
||
| 650 | _aTELUGU LITERATURE | ||
| 942 |
_hO35,3N27.1, K6 _cTEXL _2CC |
||
| 999 |
_c428932 _d428932 |
||